| 000 | 01166nam a2200229 i 4500 | ||
|---|---|---|---|
| 001 | 155142 | ||
| 003 | ES-MaACL | ||
| 005 | 20251105063135.0 | ||
| 008 | 040726s1885 sp f |||| | spa d | ||
| 080 | _a614.77 | ||
| 100 | 1 |
_aHauser, Philip, _d1832-1925 _9173629 |
|
| 245 | 1 | 3 |
_aLa casa y el suelo en relación con las enfermedades infecciosas : _bcon grabados representando las distintas especies de micrófitos de la sangre / _cpor el Dr. Ph. Hauser. |
| 260 |
_aMadrid : _b[s.a.], _c1885 ( _fEst. Tip. de El Correo, a cargo de F. Fernández) |
||
| 300 |
_a66 p., [1] h. de lám. ; _c22 cm. |
||
| 594 | _aEn port.: "Conferencia dada en el Ateneo de Madrid y publicada después en la Revista de España del 25 de marzo y 10 de abril de 1885" | ||
| 610 | 2 | 4 |
_aAteneo de Madrid- _vConferencias- _yS.XIX. _91910 |
| 650 | 4 |
_aViviendas- _xSalubridad. _9148901 |
|
| 650 | 7 |
_aEnfermedades infecciosas _2embne _9135986 |
|
| 852 |
_aES-MaACL _jT-432-F-4 _z- Enc. hol. _z- Enc. en un vol. facticio |
||
| 852 |
_aES-MaACL _jT-461-F-11 _z- Enc. hol. _z- Enc. en un vol. facticio _z- Dedicatoria mas. del autor a Segismundo Moret |
||
| 999 |
_c155142 _d155142 |
||